[Event "Politiken Cup"]
[Site "Helsingor DEN"]
[Date "2011.08.02"]
[Round "5.36"]
[White "Patuzzo,F"]
[Black "Eriksson,C"]
[Result "1-0"]
[WhiteElo "2274"]
[BlackElo "2129"]

1.c4 c6 2.Nf3 d5 3.e3 Nf6 4.Nc3 e6 5.b3 Bd6 6.Bb2 O-O 7.Qc2 e5 8.Be2 Bg4
9.h3 Bh5 10.O-O dxc4 11.bxc4 Na6 12.Rfd1 Qe7 13.d3 Rad8 14.Rab1 Rd7 15.Ng5 Bg6
16.Qc1 Rfd8 17.Nf3 Bb4 18.a3 Bd6 19.Nh4 Bb8 20.Nxg6 hxg6 21.Qc2 Bd6 22.Ra1 Qe6
23.Bf1 Qf5 24.Rac1 g5 25.g4 Qe6 26.Bg2 Bc7 27.Ne4 Nxe4 28.Bxe4 Nc5 29.Bf5 Qh6
30.Bxd7 Qxh3 31.e4 Rxd7 32.Qe2 Rxd3 33.Rxd3 Nxd3 34.Rc3 Nf4 35.Rxh3 Nxe2+
36.Kf1 Nf4 37.Rb3 b6 38.Bc1 Ne6 39.Be3 c5 40.Rd3 Nd4 41.Bxg5 f6 42.Bc1 Kf7
43.f3 g5 44.Kf2 Kg7 45.Rd1 Kg6 46.Bd2 a5 47.Rb1 Kg7 48.Bc3 Kf7 49.a4 Kg7
50.Rb2 Kf7 51.Ke3 Ne6 52.Rh2 Kg7 53.Rd2 Nd4 54.Rd1 Kf7 55.Rh1 Kg7 56.Rb1 Ne6
57.Rb2 Kf7 58.Rh2 Kg7 59.Rh1 Nd4 60.Kf2 Bd6 61.Rb1 Bc7 62.Bxd4 exd4 63.Ke2 Kf7
64.e5 fxe5 65.Kd3 Ke6 66.Ke4 Bd8 67.Rh1 Be7 68.Rh8 Kd7 69.Rh6 Bd8 70.Rg6 Kc8
71.Kxe5 Kb7 72.Rg7+ Kb8 73.Ke6 Kc8 74.Rh7 Bc7 75.Rd7 Bf4 76.Rd5 Kc7 77.Kf5 Kc6
78.Ke4 Kc7 79.Rf5 Bc1 80.Rf6 Kb7 81.f4 gxf4 82.g5 f3 83.g6 Bh6 84.Rxf3  1-0

[Event "Politiken Cup"]
[Site "Helsingor DEN"]
[Date "2011.08.02"]
[Round "5.40"]
[White "Jepson,C"]
[Black "Lindgren,P"]
[Result "1-0"]
[WhiteElo "2405"]
[BlackElo "2145"]

1.c4 c6 2.d4 d5 3.Nc3 Nf6 4.Nf3 e6 5.Bg5 h6 6.Bxf6 Qxf6 7.e3 Nd7 8.Qc2 g6
9.a4 a5 10.Bd3 dxc4 11.Bxc4 Bg7 12.O-O O-O 13.Rfe1 Qe7 14.Rad1 Rd8 15.Ba2 b6
16.e4 Bb7 17.e5 Rab8 18.h4 h5 19.Qe4 Nf8 20.Qf4 c5 21.d5 exd5 22.Nxd5 Bxd5
23.Bxd5 Ne6 24.Bxe6 Qxe6 25.Rd6 Qg4 26.Qd2 Re8 27.Qd5 Qf5 28.b3 Re7 29.Rd8+ Re8
30.Rxb8 Rxb8 31.Qd6 Re8 32.Qxb6 Qc2 33.e6 Rxe6 34.Rxe6 fxe6 35.Qxe6+ Kf8
36.Qd6+ Ke8 37.Qe6+ Kf8 38.g3 Bd4 39.Qd6+ Kg7 40.Qc7+ Kg8 41.Nxd4 Qd1+ 42.Kg2 cxd4
43.Qxa5 d3 44.Qd5+ Kg7 45.a5 d2 46.Qd7+ Kf6 47.a6 Qe2 48.a7  1-0

[Event "50th World Juniors"]
[Site "Chennai IND"]
[Date "2011.08.03"]
[Round "2.16"]
[White "Goganov,A"]
[Black "Shreyansh,D"]
[Result "1-0"]
[WhiteElo "2489"]
[BlackElo "2298"]

1.c4 c6 2.Nf3 d5 3.e3 Nf6 4.Nc3 e6 5.b3 Nbd7 6.Qc2 Bd6 7.Bb2 O-O 8.Be2 a6
9.d4 Qe7 10.O-O dxc4 11.bxc4 e5 12.c5 Bc7 13.h3 Re8 14.Bc4 h6 15.Rfe1 e4
16.Nd2 b5 17.cxb6 Nxb6 18.Bf1 Nbd5 19.Nc4 Nxc3 20.Bxc3 Nd5 21.Ba5 Bb8 22.Rab1 Qg5
23.g3 Re6 24.Bg2 f5 25.Nb6 Bc7 26.Nc4 Bxa5 27.Nxa5 Bd7 28.Rb7 Be8 29.Qb3 Kh7
30.Rc1 Rd8 31.Nc4 Qf6 32.Rb8 Rxb8 33.Qxb8 Qe7 34.Rb1 c5 35.Rb7 Qf8 36.Qd8 Qf6
37.Qxf6 Nxf6 38.dxc5 Rc6 39.Nd6 Rxc5 40.g4 Rc1+ 41.Kh2 fxg4 42.Nxe8 Nxe8
43.Bxe4+ Kg8 44.hxg4 Rc7 45.Bd5+ Kf8 46.Rxc7 Nxc7 47.Bc4 Ke7 48.Kg3 a5 49.f4 g5
50.Kf3 Ne8 51.Ke4 Nd6+ 52.Kd5 h5 53.gxh5 g4 54.h6 Ne8 55.Ke5 g3 56.Bf1 Nf6
57.Kf5 Kf7 58.e4 Ng8 59.h7 Ne7+ 60.Kg4 Kg7 61.Kxg3 Kxh7 62.f5  1-0

[Event "Politiken Cup"]
[Site "Helsingor DEN"]
[Date "2011.08.03"]
[Round "6.11"]
[White "Hansen,SuB"]
[Black "Patuzzo,F"]
[Result "1-0"]
[WhiteElo "2574"]
[BlackElo "2274"]

1.c4 c6 2.Nf3 d5 3.e3 Nf6 4.Nc3 a6 5.Qc2 g6 6.d4 Bg7 7.Bd3 O-O 8.O-O Nbd7
9.Rd1 e6 10.a4 dxc4 11.Bxc4 c5 12.dxc5 Qa5 13.b4 Qxb4 14.Ba3 Qa5 15.c6 bxc6
16.Bxf8 Kxf8 17.Rab1 Nd5 18.Ne4 N7b6 19.Bxd5 cxd5 20.Qc7 Nc4 21.Qc6 Bb2 22.Qxa8 Qc7
23.a5 dxe4 24.Nd2 Be5 25.Nxc4 Qxc4 26.Rbc1  1-0

[Event "50th World Juniors"]
[Site "Chennai IND"]
[Date "2011.08.04"]
[Round "3.51"]
[White "Barbier,S"]
[Black "Pradeep,KR"]
[Result "1-0"]
[WhiteElo "2088"]
[BlackElo "2245"]

1.c4 c6 2.g3 d5 3.Bg2 Nf6 4.Nf3 dxc4 5.O-O e6 6.Na3 b5 7.b3 cxb3 8.Qxb3 Qb6
9.Bb2 Bb7 10.Rfc1 Nbd7 11.Nd4 Nc5 12.Qc2 Nd5 13.Bxd5 cxd5 14.Ndxb5 a6 15.d4 axb5
16.dxc5 Qc6 17.Qb3 Ra5 18.Qb4 Qa6 19.Qf4 f6 20.Qc7 Bc6 21.Nc2 Bd7 22.Nd4 Be7
23.c6 Bc8 24.Nb3 Ra4 25.Bd4 Rf8 26.Bc5 Rf7 27.Bxe7 Rxe7 28.Qd6 Qb6 29.Rc2 Rc7
30.Rac1 Kf7 31.e3 Rca7 32.Nc5 Rc4 33.Nb7 Bxb7 34.Qd7+ Kg6 35.Qe8+ Kh6 36.Rxc4 bxc4
37.g4 g6 38.Qf8+ Kg5 39.h4+ Kxg4 40.Qxf6 Qc7 41.Kg2 Qg3+ 42.fxg3 Rxa2+ 43.Kg1 Kxg3
44.Qf4+ Kh3 45.Rf1 Ba6 46.Kh1 Rg2  1-0

[Event "Politiken Cup"]
[Site "Helsingor DEN"]
[Date "2011.08.04"]
[Round "7.106"]
[White "Munk,Po"]
[Black "Andersen,G"]
[Result "1/2-1/2"]
[WhiteElo "1942"]
[BlackElo "1768"]

1.c4 c6 2.g3 Nf6 3.Bg2 e6 4.d4 d5 5.Nf3 Qa5+ 6.Nbd2 dxc4 7.Qc2 Be7 8.Qxc4 b5
9.Qc2 Bb7 10.O-O O-O 11.Nb3 Qa4 12.Bd2 c5 13.dxc5 Be4 14.Qc1 Na6 15.h3 Rac8
16.Be3 Nd7 17.Rd1 Ndxc5 18.Nxc5 Nxc5 19.Bxc5 Rxc5 20.Qe3 Bd5 21.Ne5 Bxg2
22.Kxg2 Rc7 23.a3 Bf6 24.Rac1 Rfc8 25.Rxc7 Rxc7 26.Rc1 Rxc1 27.Qxc1 Qe4+
28.Nf3 Qc4 29.Qxc4 bxc4 30.Nd2 c3 31.bxc3 Bxc3 32.Nc4 Kf8 33.Kf3 Ke7 34.g4 e5
35.Ke4 Ke6 36.Kd3 Bd4  1/2-1/2

[Event "Politiken Cup"]
[Site "Helsingor DEN"]
[Date "2011.08.04"]
[Round "7.34"]
[White "Bach,Mat"]
[Black "Pedersen,NicK"]
[Result "1-0"]
[WhiteElo "2307"]
[BlackElo "2130"]

1.c4 c6 2.g3 d5 3.Bg2 Nf6 4.Nf3 Bf5 5.b3 e6 6.O-O Be7 7.d3 h6 8.Nbd2 O-O
9.Bb2 Nbd7 10.Qc2 a5 11.a3 Bh7 12.Bc3 b5 13.cxb5 cxb5 14.b4 a4 15.Qb2 Rc8
16.Ne5 Ne8 17.Bh3 Nxe5 18.Bxe5 Bf6 19.Rac1 Bxe5 20.Qxe5 Nf6 21.Nf3 Qb6 22.Qd4 Qb7
23.Ne5 Rxc1 24.Rxc1 Rc8 25.Rc5 Nd7 26.Nxd7 Qxd7 27.Qxd5 Qe8 28.Qb7 Rb8 29.Qc6 e5
30.Qxe8+ Rxe8 31.Rxb5 e4 32.d4 e3 33.fxe3 Rxe3 34.Rb8+  1-0

[Event "8th Ostroda GM"]
[Site "Ostroda POL"]
[Date "2011.08.04"]
[Round "1.2"]
[White "Leniart,A"]
[Black "Sieciechowicz,M"]
[Result "1/2-1/2"]
[WhiteElo "2455"]
[BlackElo "2454"]

1.c4 c6 2.e4 e5 3.Nf3 d6 4.Nc3 Bg4 5.Be2 g6 6.d4 Bg7 7.d5 Ne7 8.O-O Bxf3
9.Bxf3 O-O 10.dxc6 Nbxc6 11.Nb5 Nd4 12.Nxd4 exd4 13.Bg5 Qc7 14.Rc1 Nc6 15.Qd2 Qb6
16.Be2 Rfe8 17.Bd3 Ne5 18.Rc2 a5 19.Bf4  1/2-1/2

[Event "Stara Pazova-Ilindan GM"]
[Site "Stara Pazova SRB"]
[Date "2011.08.04"]
[Round "7.3"]
[White "Sertic,Ru"]
[Black "Mrkonjic,N"]
[Result "1/2-1/2"]
[WhiteElo "2406"]
[BlackElo "2381"]

1.c4 c6 2.d4 d5 3.e3 Nf6 4.Nf3 Bf5 5.Nbd2 e6 6.Be2 Be7 7.O-O Ne4 8.Nxe4 Bxe4
9.b3 O-O 10.Bb2 Bf6 11.Bd3 Bxd3 12.Qxd3 Re8 13.e4 Na6 14.Qe2 Nc7 15.a3 c5
16.a4 Qd7 17.Rfe1 Rec8 18.Rad1 b6 19.Ba3 h6 20.h3  1/2-1/2

[Event "9th ch-EU Youth U14"]
[Site "Mureck AUT"]
[Date "2011.08.05"]
[Round "3"]
[White "Rodgers,Philippe"]
[Black "Valkama,Eero"]
[Result "1/2-1/2"]
[WhiteElo "1656"]
[BlackElo "1737"]

1.c4 c6 2.g3 d5 3.Nf3 Bg4 4.Ne5 Bh5 5.Bg2 e6 6.cxd5 exd5 7.d4 Nd7 8.Bf4 Ngf6
9.Qb3 Qb6 10.Nxd7 Nxd7 11.Qe3+ Be7 12.Bd6 Qd8 13.h3 Nf6 14.Ba3 Bg6 15.Nc3 Rc8
16.Bc5 b6 17.Bxe7 Qxe7 18.Qxe7+ Kxe7 19.O-O Rhd8 20.Rfd1 Rd7 21.Rac1 Rdc7
22.g4 Ne4 23.Bxe4 Bxe4 24.Nxe4 dxe4 25.Rc4 Kd6  1/2-1/2

[Event "112th US Open"]
[Site "Orlando USA"]
[Date "2011.08.05"]
[Round "7"]
[White "Berrios Echevarria,G"]
[Black "Sundararajan,K"]
[Result "0-1"]
[WhiteElo "2229"]
[BlackElo "2491"]

1.c4 c6 2.Nf3 Nf6 3.d4 d5 4.e3 g6 5.Nc3 Bg7 6.Bd3 O-O 7.O-O e6 8.b3 Nbd7
9.Bb2 b6 10.Qe2 Bb7 11.Rfd1 Re8 12.Rac1 Qe7 13.e4 dxe4 14.Nxe4 Nxe4 15.Bxe4 Nf6
16.Bb1 c5 17.dxc5 bxc5 18.Be5 Rad8 19.h3 Bxf3 20.Qxf3 Nh5 21.Bxg7 Kxg7 22.a3 e5
23.g3 Nf6 24.Qc3 Rd4 25.b4 Qd7 26.Rxd4 cxd4 27.Qe1 e4 28.Rd1 Qxh3 29.Qf1 Qd7
30.Qe1 d3 31.Qc3 Qg4 32.Re1 Rd8 33.Qd2 Qh5 34.Kg2 Qf3+ 35.Kg1 Ng4 36.Qf4 d2  0-1

[Event "8th Ostroda GM"]
[Site "Ostroda POL"]
[Date "2011.08.05"]
[Round "3.3"]
[White "Malisauskas,V"]
[Black "Sieciechowicz,M"]
[Result "1-0"]
[WhiteElo "2477"]
[BlackElo "2454"]

1.c4 c6 2.e4 e5 3.Nf3 d6 4.d4 Nd7 5.Nc3 g6 6.Be2 Bg7 7.O-O Ne7 8.d5 c5 9.a3 O-O
10.b4 b6 11.Bd2 f5 12.Ng5 Nf6 13.bxc5 bxc5 14.Rb1 h6 15.Ne6 Bxe6 16.dxe6 Nc6
17.exf5 gxf5 18.Nd5 Re8 19.e7 Nxe7 20.Nxf6+ Bxf6 21.Bh5 Rf8 22.Bxh6 Bg7 23.Bg5 Bf6
24.Qd2 f4 25.Bxf6 Rxf6 26.Bf3 Rb8 27.Be4 Rb6 28.Rxb6 axb6 29.Rb1 Kg7 30.Qb2 Qg8
31.Qc3 Qd8 32.Qh3 Kf7 33.a4 Qc7 34.a5 d5 35.Qh5+ Kf8 36.Qh8+ Kf7 37.cxd5 c4
38.Bf3 Nf5 39.Qh7+ Ng7 40.Bh5+  1-0

[Event "Tabor Open"]
[Site "Tabor CZE"]
[Date "2011.08.05"]
[Round "7.6"]
[White "Hausner,I"]
[Black "Heinzel,O"]
[Result "1-0"]
[WhiteElo "2419"]
[BlackElo "2320"]

1.c4 c6 2.e4 d5 3.exd5 cxd5 4.cxd5 Qxd5 5.Nc3 Qd6 6.d4 Nf6 7.Nf3 a6 8.g3 b5
9.Bg2 Bb7 10.O-O e6 11.Bf4 Qd8 12.Ne5 Bxg2 13.Kxg2 Be7 14.Qf3 Ra7 15.d5 exd5
16.Rad1 O-O 17.Nxd5 Nxd5 18.Rxd5 Qc8 19.Rc1 Qe6 20.Be3 Rb7 21.Rdd1 Nd7 22.Qxb7 Nxe5
23.Qe4  1-0

[Event "15th HZ Open"]
[Site "Vlissingen NED"]
[Date "2011.08.05"]
[Round "8"]
[White "Provoost,S"]
[Black "Hylkema,R"]
[Result "1-0"]
[WhiteElo "2295"]
[BlackElo "2039"]

1.c4 c6 2.g3 d5 3.Bg2 Nf6 4.Nf3 Bf5 5.cxd5 cxd5 6.Qb3 Qc7 7.Nc3 e6 8.d3 Nbd7
9.O-O Be7 10.Bf4 Qb6 11.Qxb6 axb6 12.Nb5 O-O 13.Rfc1 Ra5 14.Nd6 Nh5 15.Nxf5 exf5
16.Bd2 Rc5 17.Be3 Rxc1+ 18.Rxc1 Nhf6 19.Rc7 Ra8 20.a3 Bd8 21.Rxb7 Kf8 22.Bf4 Nc5
23.Bd6+ Ke8 24.Bxc5 bxc5 25.Ne5 Be7 26.Kf1 h6 27.Ke1 Rc8 28.a4 Ra8 29.b3 Ra6
30.Kd1 c4 31.dxc4 dxc4 32.Bc6+ Kd8 33.bxc4 Bc5 34.Rxf7 Ng4 35.Rd7+  1-0

[Event "50th World Juniors"]
[Site "Chennai IND"]
[Date "2011.08.06"]
[Round "5.50"]
[White "Kozganbayev,E"]
[Black "Abhilash,R"]
[Result "1/2-1/2"]
[WhiteElo "2284"]
[BlackElo "2109"]

1.c4 c6 2.e4 d5 3.cxd5 cxd5 4.exd5 Nf6 5.Qa4+ Nbd7 6.Nc3 g6 7.Nf3 Bg7 8.Bc4 O-O
9.d3 a6 10.Qa3 Nb6 11.Qb3 Bg4 12.Be3 Nxc4 13.dxc4 b5 14.O-O bxc4 15.Qxc4 Bxf3
16.gxf3 Qd7 17.Rfd1 Rfc8 18.Qa4 Qh3 19.Qf4 Rab8 20.Rab1 a5 21.Qg3 Qf5 22.Qf4 Qh3
23.Bd4 Rb4 24.Qe3 Ng4 25.fxg4 Qxg4+ 26.Qg3 Qxg3+ 27.hxg3 Bxd4 28.a3 Rb3 29.Rxd4 Rcxc3
30.bxc3 Rxb1+ 31.Kg2 Rb3 32.Ra4 Rxc3 33.Rxa5 Kg7  1/2-1/2

[Event "20th ZDMI Open A"]
[Site "Dresden GER"]
[Date "2011.08.06"]
[Round "1"]
[White "Heberla,B"]
[Black "Kartsev,A2"]
[Result "1-0"]
[WhiteElo "2539"]
[BlackElo "2196"]

1.c4 c6 2.Nf3 d5 3.e3 Nf6 4.Nc3 e6 5.Qc2 Nbd7 6.b3 Be7 7.Bb2 O-O 8.Be2 Re8
9.Rg1 e5 10.g4 e4 11.Nd4 Ne5 12.cxd5 cxd5 13.g5 Nfg4 14.h4 Bb4 15.a3 Ba5
16.b4 Bb6 17.Na4 Bd7 18.Nc5 Rc8 19.Qc3 Bxc5 20.bxc5 b6 21.c6 Bxc6 22.Qb3 Nh2
23.Rg3 Qd7 24.Bc3 Ba4 25.Qb2 Nhf3+ 26.Nxf3 exf3 27.Bxe5 fxe2 28.Rb1 Bc2 29.Ra1 Bd1
30.d3 Qa4 31.Bd4 Rc2 32.Qb4 Qd7 33.Bb2 d4 34.Qxd4 Qxd4 35.Bxd4 Rec8 36.Rg4 Rc1
37.Rxc1 Rxc1 38.Re4 Kf8 39.h5 Rc6 40.Re5 f6 41.Rf5 Kf7 42.h6 gxh6 43.gxf6 Rc8
44.Rd5 Rc7 45.f4 Bb3 46.Rd8 Rc2 47.f5 h5 48.e4 h4 49.Rd7+ Kf8 50.Rxh7 Ba4
51.e5 Bc6 52.e6 Kg8 53.f7+ Kxh7 54.f8=Q  1-0

[Event "20th ZDMI Open A"]
[Site "Dresden GER"]
[Date "2011.08.06"]
[Round "1"]
[White "Bakre,T"]
[Black "Lampert,J"]
[Result "1/2-1/2"]
[WhiteElo "2522"]
[BlackElo "2164"]

1.c4 c6 2.d4 d5 3.Nf3 Nf6 4.Nbd2 Bf5 5.Nh4 Be6 6.e3 g6 7.Be2 Bg7 8.O-O O-O
9.Nhf3 Nbd7 10.Ng5 Bf5 11.g4 Be6 12.Nxe6 fxe6 13.g5 Ne8 14.Bg4 e5 15.cxd5 cxd5
16.Nb3 Nc7 17.f4 e4 18.Na5 Rb8 19.Bd2 Nb6 20.Rc1 Ne8 21.h4 Nd6 22.h5 Nf5
23.h6 Bh8 24.Bxf5 Rxf5 25.Bc3 Qd7 26.Rf2 Rc8 27.b3 Rff8 28.Kg2 Rc7 29.Kg3 Rfc8
30.Rfc2 Qb5 31.a4 Qd3 32.Qe1 Bxd4 33.Bxd4 Rxc2 34.Rxc2 Rxc2 35.Nxb7 Qxb3
36.Qf1 Qd3 37.Qh3 Kf7 38.Nc5 Rxc5 39.Bxc5 Qe2 40.a5 Nc4 41.Qd7 Qf3+ 42.Kh2 Qf2+  1/2-1/2

[Event "Politiken Cup"]
[Site "Helsingor DEN"]
[Date "2011.08.06"]
[Round "9.33"]
[White "Carlstedt,J"]
[Black "Lindgren,P"]
[Result "1/2-1/2"]
[WhiteElo "2336"]
[BlackElo "2145"]

1.c4 c6 2.g3 d5 3.Nf3 Nf6 4.Bg2 Bg4 5.Ne5 Be6 6.cxd5 Bxd5 7.Nf3 c5 8.Nc3 Bc6
9.O-O e6 10.Re1 Nbd7 11.b3 Be7 12.Bb2 O-O 13.Qc2 b5 14.d4 Qb6 15.e4 cxd4
16.Nxd4 Bb7 17.Ndxb5 Rac8 18.Na3 Ne5 19.Rad1 Nfg4 20.Rd2 Bc5 21.Nc4 Nxc4
22.bxc4 Rcd8 23.Ree2 Nxf2 24.Na4 Ng4+ 25.Kh1 Qc7 26.Nxc5 Qxc5 27.Qc3 f6 28.Ba3 Qh5
29.h3 Rfe8 30.c5 Ne5 31.Kg1 Qg6 32.Rxd8 Rxd8 33.Qb3 Qf7 34.Re3 h6 35.Bb2 Bc6
36.Bxe5 fxe5 37.Rd3 Rxd3 38.Qxd3 Qd7 39.Qxd7 Bxd7 40.Kf2 Kf7 41.Ke3 Ke7 42.Bf1  1/2-1/2

[Event "Montecatini Open A"]
[Site "Montecatini Terme ITA"]
[Date "2011.08.06"]
[Round "8"]
[White "Mogranzini,R"]
[Black "Laketic,G"]
[Result "1/2-1/2"]
[WhiteElo "2433"]
[BlackElo "2439"]

1.c4 c6 2.g3 d5 3.Nf3 g6 4.Bg2 Bg7 5.O-O Nf6 6.Qc2 O-O 7.b3 Bg4 8.Bb2 Nbd7
9.d3 Re8 10.Ne5 Nxe5 11.Bxe5 Qd7 12.Re1 Bh3 13.Nd2 Qf5 14.Nf3 Rac8 15.Qb2 a6
16.a4 Red8 17.a5 Bxg2 18.Kxg2 Ne8 19.Bxg7  1/2-1/2

[Event "1st Radzikowskiej Mem"]
[Site "Warsaw POL"]
[Date "2011.08.06"]
[Round "1"]
[White "Worek,J"]
[Black "Leks,M"]
[Result "1-0"]
[WhiteElo "2306"]
[BlackElo "2082"]

1.c4 c6 2.d4 d5 3.Nf3 Nf6 4.Nc3 dxc4 5.a4 Bf5 6.Nh4 e6 7.Nxf5 exf5 8.e3 Bb4
9.Bxc4 O-O 10.Qc2 g6 11.O-O Nbd7 12.f3 Nb6 13.Bb3 Qd7 14.Kh1 Kg7 15.a5 Nbd5
16.e4 Ne7 17.Be3 fxe4 18.fxe4 Ng4 19.Bg1 f5 20.e5 Bxc3 21.bxc3 h5 22.c4 h4
23.Qe2 g5 24.Bc2 Nh6 25.e6 Qd6 26.Rab1 Rab8 27.Qh5 Qxe6 28.Qxg5+ Ng6 29.d5 cxd5
30.Bd4+ Kh7 31.Rbe1 Qd7 32.cxd5 Qxd5 33.Re7+ Rf7 34.Rxf7+ Qxf7 35.Bxf5 Nxf5
36.Rxf5 Qe6 37.Qh5+ Kg8 38.Rg5 Kf7 39.Qh7+  1-0

[Event "Politiken Cup"]
[Site "Helsingor DEN"]
[Date "2011.08.07"]
[Round "10.89"]
[White "Schmitt,Ca"]
[Black "Aartun,Magnus"]
[Result "1-0"]
[WhiteElo "1959"]
[BlackElo "1768"]

1.c4 c6 2.g3 d5 3.Bg2 e5 4.cxd5 cxd5 5.Qb3 Ne7 6.Nc3 e4 7.f3 f5 8.fxe4 fxe4
9.Nh3 Qb6 10.Nf4 e3 11.Qxb6 exd2+ 12.Bxd2 axb6 13.Ncxd5 Nxd5 14.Nxd5 Ra7
15.Nxb6 Be6 16.Nd5 b5 17.O-O Bc5+ 18.Kh1 Nd7 19.a3 Ne5 20.Be3 Bxe3 21.Nxe3 h5
22.Rf4 Rc7 23.Re4  1-0

[Event "112th US Open Playoff"]
[Site "Orlando USA"]
[Date "2011.08.07"]
[Round "1"]
[White "Lenderman,A"]
[Black "Ramirez,Alej"]
[Result "1-0"]
[WhiteElo "2525"]
[BlackElo "2592"]

1.c4 c6 2.e4 d5 3.exd5 cxd5 4.d4 Nf6 5.Nc3 e6 6.Nf3 Bb4 7.cxd5 exd5 8.Bd3 O-O
9.O-O h6 10.Ne5 Nc6 11.Nxc6 bxc6 12.Na4 Re8 13.Qc2 Bd7 14.Nc5 Qb6 15.Bd2 Bxc5
16.dxc5 Qb7 17.f3 d4 18.Rfe1 Nd5 19.Bc4 Be6 20.b3 Rad8 21.a3 Qe7 22.Bd3 Qh4
23.Re4 Qf6 24.Rae1 Nc3 25.Bxc3 dxc3 26.Re5 Re7 27.Bc4 Bxc4 28.Rxe7 Be6 29.Rxa7 Qd4+
30.Kf1 Qxc5 31.Rb7 g6 32.Rxe6 Rd2 33.Rxg6+ Kf8 34.Rb8+ Ke7 35.Qe4+ Kd7 36.Qe8+ Kc7
37.Qc8+  1-0

[Event "Tabor Open"]
[Site "Tabor CZE"]
[Date "2011.08.07"]
[Round "9.2"]
[White "Talla,V"]
[Black "Lechtynsky,J"]
[Result "0-1"]
[WhiteElo "2427"]
[BlackElo "2349"]

1.c4 c6 2.g3 d5 3.Nf3 g6 4.Bg2 Bg7 5.d4 Nf6 6.O-O O-O 7.Qb3 Ne4 8.Nc3 dxc4
9.Qxc4 Nd6 10.Qd3 Na6 11.e4 c5 12.Rd1 cxd4 13.Nxd4 Bg4 14.f3 Bd7 15.f4 Bg4
16.Nde2 Nb4  0-1

[Event "Sakkozo Magyarok World Meeting"]
[Site "Lakitelek HUN"]
[Date "2011.08.08"]
[Round "3.3"]
[White "Juhasz,Bencz"]
[Black "Levay,S"]
[Result "0-1"]
[WhiteElo "1895"]
[BlackElo "2272"]

1.c4 c6 2.d4 d5 3.Nc3 Nf6 4.Bg5 a6 5.cxd5 cxd5 6.Qb3 e6 7.e3 Be7 8.Bd3 O-O
9.Nge2 Nc6 10.a3 b5 11.Qc2 h6 12.Bxf6 Bxf6 13.Nxd5 Bb7 14.Nxf6+ Qxf6 15.Rc1 Rfd8
16.O-O e5 17.dxe5 Nxe5 18.Nd4 Qh4 19.Bh7+ Kh8 20.Bf5 Bd5 21.Qc7 Nc4 22.Rc2 Nd6
23.Bh3 Qe4 24.Rfc1 g5 25.Qc3 Kh7 26.f3 Qg6 27.e4 Bxe4 28.fxe4 g4 29.Bxg4 Qxg4
30.Qf3 Qxe4 31.Qxe4+ Nxe4 32.Nf3 Rd6 33.Rc6 Rad8 34.Rxd6 Rxd6 35.Kf1 Kg6
36.Ke2 f6 37.Ke3 Re6 38.Kf4 Nd6 39.Rc2 Re4+ 40.Kg3 Nf5+ 41.Kf2 b4 42.axb4 Rxb4
43.Ke2 Rb3 44.Kd2 a5 45.Kc1 Rb5 46.Re2 Nd6 47.Kc2 a4 48.Kc3 Rb3+ 49.Kc2 Nc4
50.Kc1 Rb5 51.Nd4 Rd5 52.Nc2 Rf5 53.Ne3 Re5  0-1

[Event "Split Open"]
[Site "Split CRO"]
[Date "2011.08.08"]
[Round "4.8"]
[White "Dragomirescu,C"]
[Black "Solic,K"]
[Result "0-1"]
[WhiteElo "2215"]
[BlackElo "2246"]

1.c4 c6 2.g3 d5 3.Nf3 Nf6 4.Bg2 Bf5 5.b3 e6 6.O-O Nbd7 7.Bb2 Be7 8.d3 h6
9.Nbd2 O-O 10.Re1 Bh7 11.Rc1 Qb6 12.a3 a5 13.h3 Rfe8 14.Ne5 Nxe5 15.Bxe5 Bxa3
16.Ra1 Bc5 17.Rf1 Nd7 18.Bc3 d4 19.Bb2 e5 20.Qc2 Bb4 21.Nf3 Nc5 22.g4 e4
23.Nxd4 exd3 24.exd3 Bxd3 25.Qd1 Bxf1 26.Bxf1 Ne6 27.Nf5 Rad8 28.Qf3 Bc5
29.Bd3 Bxf2+ 30.Kh1 Bd4 31.Rf1 f6 32.Nxh6+ gxh6 33.Qf5 Qc7 34.Bc1 Qg7 35.c5 Rd5
36.Qe4 Re5 37.Qg2 Nxc5 38.Bc4+ Kh8 39.Qd2 Be3  0-1

[Event "8th Ostroda GM"]
[Site "Ostroda POL"]
[Date "2011.08.09"]
[Round "7.4"]
[White "Mista,A"]
[Black "Duda,J"]
[Result "0-1"]
[WhiteElo "2564"]
[BlackElo "2274"]

1.c4 c6 2.Nf3 d5 3.e3 Nf6 4.b3 Bg4 5.Bb2 Nbd7 6.Be2 e6 7.O-O Bd6 8.d3 O-O
9.Nbd2 Qb8 10.h3 Bh5 11.cxd5 exd5 12.Nd4 Bxe2 13.Qxe2 Re8 14.Nf5 Bf8 15.g4 g6
16.Ng3 Bg7 17.Nf3 Re7 18.Kg2 c5 19.g5 Ne8 20.h4 d4 21.Rae1 Nc7 22.Qd2 Nd5
23.exd4 Rxe1 24.Rxe1 Qf4 25.Qc2 f5 26.gxf6 Qxf6 27.Bc1 cxd4 28.Re4 N7b6 29.Bg5 Qd6
30.Nxd4 Nb4 31.Qe2 Bxd4 32.Be7 Qc6 33.Bxb4 Nd5 34.Kh2 Bg7 35.Re6 Qd7 36.Bd2 Rf8
37.Re4 Nf6 38.Rf4 Rd8 39.d4 Nd5 40.Re4 Nf6 41.Rf4 Nd5 42.Re4 Nf6 43.Re7 Qxd4
44.Bg5 Rf8 45.Qe6+ Kh8 46.Rf7 Rxf7 47.Qxf7 Qxf2+ 48.Kh3 h6 49.Bxf6 Qxf6 50.Qxb7 Qe6+
51.Kg2 Be5 52.Qa8+ Qg8 53.Qc6 Qf7 54.Ne4 Kh7 55.Nd2 Bg7 56.Qe4 Qd7 57.Nf3 Qb5
58.Qc4 Qf5 59.b4 g5 60.hxg5 hxg5 61.b5 Kh6 62.a4 g4 63.Nh2 Kh5 64.a5 Be5
65.Qd5 Qc2+ 66.Kf1 Qxh2 67.b6 Qf4+ 68.Ke1 a6 69.b7 Qe3+  0-1

[Event "23rd Jirasek Mem OpA"]
[Site "Rakovnik CZE"]
[Date "2011.08.09"]
[Round "5"]
[White "Svarc,R"]
[Black "Krasny,D"]
[Result "1/2-1/2"]
[WhiteElo "2125"]
[BlackElo "1897"]

1.c4 c6 2.Nc3 d5 3.cxd5 cxd5 4.d4 Nc6 5.Nf3 Nf6 6.Bf4 Bf5 7.e3 e6 8.Bb5 Nd7
9.Qa4 Qb6 10.O-O Be7 11.Rac1 Rc8 12.Bxc6 bxc6 13.Nb5 Bd3 14.Nc7+ Rxc7 15.Bxc7 Qxc7
16.Rxc6 Qb8 17.Rfc1 O-O 18.Rc7 Nc5 19.Qxa7 Qxb2 20.Re1 Bd6 21.Rxc5 Bxc5 22.dxc5 Bc4
23.a4 Qb4 24.h3 Rc8 25.c6 g6 26.Qb7 Rb8 27.Qxb4 Rxb4 28.c7 Ba6 29.Rc1 Bc8
30.a5 Rb5 31.Nd4 Rb7 32.a6 Ra7 33.Nc6 Rxc7 34.Ne7+ Rxe7 35.Rxc8+ Kg7 36.Ra8 Rc7
37.a7 Rc1+ 38.Kh2 Ra1 39.Kg3 Kf6 40.h4 Ra2 41.Kf3 e5 42.g4 h6 43.Kg3 g5 44.h5 d4
45.Kf3 d3 46.Ke4 d2 47.Rd8 Ra4+ 48.Kf3 Rxa7 49.Rxd2 Ke6 50.Rb2 Ra6 51.Rb4 Rd6
52.Ke4 Ra6 53.f4 exf4 54.exf4 gxf4 55.Kxf4 Kf6 56.Rc4 Rb6  1/2-1/2

[Event "24th Panevezys Open"]
[Site "Panevezys LTU"]
[Date "2011.08.10"]
[Round "3.9"]
[White "Ottolini,G"]
[Black "Vanagaite,G"]
[Result "1/2-1/2"]
[WhiteElo "2049"]
[BlackElo "1942"]

1.c4 c6 2.Nc3 d5 3.d4 Nf6 4.cxd5 cxd5 5.Nf3 Nc6 6.Bf4 Bf5 7.Qb3 Qb6 8.Qxb6 axb6
9.e3 e6 10.Bb5 Nd7 11.O-O f6 12.Rac1 Rc8 13.h3 g5 14.Bg3 Kf7 15.Ba4 Be7  1/2-1/2

[Event "RTU Open A"]
[Site "Riga LAT"]
[Date "2011.08.10"]
[Round "3"]
[White "Kaunas,K"]
[Black "Starostits,I"]
[Result "0-1"]
[WhiteElo "2258"]
[BlackElo "2500"]

1.c4 c6 2.e4 d5 3.exd5 cxd5 4.cxd5 Nf6 5.Bb5+ Nbd7 6.Nc3 a6 7.Qa4 g6 8.Be2 Bg7
9.Bf3 O-O 10.d4 b5 11.Qb3 Nb6 12.Nge2 Bb7 13.Nf4 Qd6 14.O-O b4 15.Ne4 Nxe4
16.Bxe4 Bxd4 17.Rd1 Bg7 18.Be3 a5 19.a3 a4 20.Qxb4 Qxb4 21.axb4 Nc4 22.Bd4 Nxb2
23.Bxg7 Kxg7 24.Rd2 Nc4 25.Rc2 Nd6 26.Bf3 Nb5 27.Ne2 a3 28.Rc5 Ba6 29.Nc3 Rfb8
30.Nxb5 Bxb5 31.d6 Ra7 32.dxe7 Rxe7 33.Rc3 Rbe8 34.h3 Re1+  0-1

[Event "Arad Open A"]
[Site "Arad ROU"]
[Date "2011.08.11"]
[Round "9.7"]
[White "Jianu,V"]
[Black "Kutnik,A"]
[Result "1-0"]
[WhiteElo "2518"]
[BlackElo "2248"]

1.c4 c6 2.d4 d5 3.Nf3 Nf6 4.e3 a6 5.Bd3 g6 6.O-O Bg7 7.Nc3 O-O 8.b3 Bg4 9.h3 Bxf3
10.Qxf3 e6 11.Bb2 Nbd7 12.Rfd1 Re8 13.Rd2 Qe7 14.Qe2 e5 15.dxe5 Nxe5 16.cxd5 cxd5
17.Rad1 Rad8 18.Bb1 Qe6 19.Ne4 Ned7 20.Ng5 Qe7 21.Nf3 Qe6 22.Rc2 Rc8 23.Rdc1 Rxc2
24.Qxc2 Ne4 25.Bxg7 Kxg7 26.Qb2+ Ndf6 27.Rc7 Re7 28.Nd4 Qd6 29.Rxe7 Qxe7
30.Bxe4 dxe4 31.Qc3 h6 32.a4 Kh7 33.Qc4 Kg7 34.a5 Qd6 35.Qc8 Qd5 36.b4 Qd7
37.Qb8 Qd5 38.Qc7 Qd7 39.Qc3 Qd5 40.Nb3 Qd1+ 41.Kh2 Qd6+ 42.g3 h5 43.Nc5 Qd5
44.h4 Qf5 45.Kg1 Qd5 46.Kg2 Qc6 47.Qe5 Qd5 48.Qc3 Qc6 49.Kf1 Qd5 50.Ke1 Qc6
51.Qd4 Kh7 52.Kd2 b6 53.axb6 Qxb6 54.Qc4 Qd6+ 55.Ke2 Qe7 56.Nxa6 Ng4 57.Nc5 f5
58.Ne6 Qf6 59.Qc7+ Kh6 60.Qf4+ Kh7 61.Ng5+ Kg8 62.Qb8+ Kg7 63.Qb7+ Kg8 64.Qd5+ Kg7
65.Qd7+ Kg8 66.Qe6+ Kg7 67.Qxf6+ Kxf6 68.Nh3 Ke7 69.Kd2 Kd6 70.Kc3 Kc6 71.Nf4 Nxf2
72.Nxg6 Nh1 73.Ne7+ Kd6 74.Nxf5+ Ke5 75.b5 Kxf5 76.b6 Nxg3 77.b7 Kg4 78.b8=Q Kxh4
79.Qc8  1-0

[Event "FSGM August"]
[Site "Budapest HUN"]
[Date "2011.08.11"]
[Round "6"]
[White "Czebe,A"]
[Black "Baghdasaryan,V"]
[Result "1/2-1/2"]
[WhiteElo "2526"]
[BlackElo "2289"]

1.c4 c6 2.e4 d5 3.exd5 Nf6 4.d4 cxd5 5.Nc3 Nc6 6.Nf3 Bg4 7.cxd5 Nxd5 8.Bc4 e6
9.O-O Be7 10.Be3 O-O 11.Bxd5  1/2-1/2

[Event "50th World Juniors"]
[Site "Chennai IND"]
[Date "2011.08.11"]
[Round "9.42"]
[White "Shreyansh,D"]
[Black "Mithil,A"]
[Result "0-1"]
[WhiteElo "2298"]
[BlackElo "2130"]

1.c4 c6 2.Nf3 d5 3.d4 Nf6 4.Nc3 e6 5.g3 Nbd7 6.Bg2 dxc4 7.a4 Bb4 8.O-O O-O
9.Qc2 Re8 10.Rd1 Qa5 11.Na2 Bf8 12.Bd2 Qh5 13.h3 e5 14.g4 Nxg4 15.hxg4 Qxg4
16.Be3 e4 17.Ng5 Nf6 18.Nc3 Bf5 19.Qd2 Bd6 20.f3 exf3 21.exf3 Qg3 22.Nge4 Bxe4
23.Nxe4 Nxe4 24.fxe4 Rxe4 25.Rf1 Rh4  0-1